000
00284nam a2200133Ia 4500
008
230312s9999||||xx |||||||||||||| ||und||
082
_a
720
_b
DES
245
0
_a
Design Manual
260
_b
RCG
_a
Pakistan
_c
1990
300
_a
1-2
546
_a
Eng.
650
_a
Architecture
942
_c
BK
999
_c
202
_d
202